Geography Two - Statistics

General Stats
  • This quiz has been taken 432 times
  • The average score is 11 of 21
Answer Stats
Hint Answer % Correct
15) The amazing 'Kamchatka Peninsula' is in which country? Russia
92%
4) Which capital city is furthest South: Apia (Samoa), Harare (Zimbabwe) or La Paz (Bolivia)? Harare (Zimbabwe)
91%
17) Which country has a border with Guatemala and Honduras? El Salvador
77%
8)'Managua' is the capital city of which country? Nicaragua
76%
9) Which country would you enter next if travelling due North from Budapest? Slovakia
74%
10) What is the name of the sea between Italy and Croatia? Adriatic
71%
3) What is the capital city of Angola? Luanda
69%
18) Which Australian State is farthest South? Tasmania
66%
12) The largest 'Landlocked' country in Europe is? Belarus
62%
14) Which Canadian Province lies between Manitoba and Quebec? Ontario
56%
11) A 'Mesa' is a mountain with a large flat top. What does the Spanish 'Mesa' mean in English? Table
56%
16) The 'Sea of Marmara' is surrounded by which country? Turkey
53%
5) In which country is 'County Carlow'? Ireland
47%
1) In which State of the USA is 'Barringer Meteor Crater' diameter 1.186km? Arizona
46%
2) Which country has the world's second longest coastline at 33,999km.? Indonesia
46%
B) Finland
45%
20) The 'Gulf of Bothnia' lies between which two countries? A) Sweden
45%
7) What is 'Anthracite' commonly known as? Coal
31%
6) Which river acts as the border between Zimbabwe and South Africa? Limpopo
22%
13) Which river runs through Florence, Italy? Arno
19%
19) The Volcano 'Tambora' that erupted in 1815, the most destructive volcanic eruption in modern history, causing a world wide winter for 3 years, is on what island of Indonesia? Sumbawa
6%
No matching quizzes found
Score Distribution
Percent of People with Each Score
Percentile by Number Answered
Your Score History
You have not taken this quiz